| 000 -LEADER |
| fixed length control field |
02679nam a2200457 i 4500 |
| 001 - CONTROL NUMBER |
| control field |
ocn1263865980 |
| 003 - CONTROL NUMBER IDENTIFIER |
| control field |
OCoLC |
| 005 - DATE AND TIME OF LATEST TRANSACTION |
| control field |
20250825135657.0 |
| 008 - FIXED-LENGTH DATA ELEMENTS--GENERAL INFORMATION |
| fixed length control field |
221128s2022 nyua d 6 000 1 eng d |
| 020 ## - INTERNATIONAL STANDARD BOOK NUMBER |
| International Standard Book Number |
9781338792676 |
| 040 ## - CATALOGING SOURCE |
| Original cataloging agency |
YDX |
| Language of cataloging |
eng |
| Description conventions |
rda |
| Transcribing agency |
YDX |
| Modifying agency |
OMN |
| -- |
MJ8 |
| -- |
BKL |
| -- |
OCO |
| -- |
NYP |
| -- |
CaOL |
| -- |
KH8 |
| 082 ## - DEWEY DECIMAL CLASSIFICATION NUMBER |
| Classification number |
FIC CAW |
| 100 1# - MAIN ENTRY--PERSONAL NAME |
| Personal name |
Cawthon, Scott, |
| Dates associated with a name |
1971- |
| Relator term |
author, |
| -- |
illustrator. |
| 245 10 - TITLE STATEMENT |
| Title |
Five nights at Freddy's : |
| Remainder of title |
Fazbear frights / |
| Number of part/section of a work |
Vol. 1 / |
| Statement of responsibility, etc. |
by Scott Cawthon, Elley Cooper, and Carly Anne West ; adapted by Christopher Hastings ; Into the pit illustrated by Didi Esmeralda, colors by Eva De La Cruz ; To be beautiful illustrated by Anthony Morris Jr., colors by Ben Sawyer ; Out of stock illustrated by Andi Santagata, colors by Gonzalo Duarte, letters by Micah Myers. |
| 246 30 - VARYING FORM OF TITLE |
| Title proper/short title |
Fazbear frights. |
| 246 33 - VARYING FORM OF TITLE |
| Title proper/short title |
5 nights at Freddy's. |
| Name of part/section of a work |
Fazbear frights graphic novel collection. |
| Number of part/section of a work |
Volume one. |
| 264 #1 - PRODUCTION, PUBLICATION, DISTRIBUTION, MANUFACTURE, AND COPYRIGHT NOTICE |
| Place of production, publication, distribution, manufacture |
New York : |
| Name of producer, publisher, distributor, manufacturer |
Graphix, an imprint of Scholastic, |
| Date of production, publication, distribution, manufacture, or copyright notice |
[2022] |
| 264 #4 - PRODUCTION, PUBLICATION, DISTRIBUTION, MANUFACTURE, AND COPYRIGHT NOTICE |
| Date of production, publication, distribution, manufacture, or copyright notice |
©2022. |
| 300 ## - PHYSICAL DESCRIPTION |
| Extent |
192 pages : |
| Other physical details |
colour illustrations ; |
| Dimensions |
23 cm. |
| 336 ## - CONTENT TYPE |
| Content type term |
still image |
| Content type code |
sti |
| Source |
rdacontent. |
| 336 ## - CONTENT TYPE |
| Content type term |
text |
| Content type code |
txt |
| Source |
rdacontent. |
| 337 ## - MEDIA TYPE |
| Media type term |
unmediated |
| Media type code |
n |
| Source |
rdamedia. |
| 338 ## - CARRIER TYPE |
| Carrier type term |
volume |
| Carrier type code |
nc |
| Source |
rdacarrier. |
| 490 1# - SERIES STATEMENT |
| Series statement |
Five nights at Freddy's ; |
| Volume/sequential designation |
1. |
| 520 ## - SUMMARY, ETC. |
| Summary, etc. |
"What do you wish for most? It's a question that Oswald, Sarah, and Oscar think they know the answer to. Oswald wishes his summer wasn't so boring, Sarah wishes to be beautiful, and Oscar wishes to get his hands on the mechanical toy that's out of stock all over town. But in the twisted world of Five Nights at Freddy's, their hearts' deepest desires have an unexpected cost. In this volume, three stories from the New York Times bestselling series Five Nights at Freddy's: Fazbear Frights come to life in delightfully horrifying comics. Readers beware: This collection of terrifying tales is enough to unsettle even the most hardened Five Nights at Freddy's fans."--back cover. |
| 650 #0 - SUBJECT ADDED ENTRY--TOPICAL TERM |
| Topical term or geographic name entry element |
Robotics |
| Form subdivision |
Fiction. |
| 650 #7 - SUBJECT ADDED ENTRY--TOPICAL TERM |
| Topical term or geographic name entry element |
Comics adaptations. |
| Source of heading or term |
lcgft. |
| -- |
genre. |
| 650 #7 - SUBJECT ADDED ENTRY--TOPICAL TERM |
| Topical term or geographic name entry element |
Horror comics. |
| Source of heading or term |
lcgft. |
| -- |
genre. |
| 650 #7 - SUBJECT ADDED ENTRY--TOPICAL TERM |
| Topical term or geographic name entry element |
Graphic novels. |
| Source of heading or term |
genre. |
| 650 #7 - SUBJECT ADDED ENTRY--TOPICAL TERM |
| Topical term or geographic name entry element |
Comics (Graphic works) |
| Source of heading or term |
genre. |
| 700 1# - ADDED ENTRY--PERSONAL NAME |
| Personal name |
Santagata, Andi |
| Titles and other words associated with a name |
(Illustrator), |
| Relator term |
illustrator. |
| 700 1# - ADDED ENTRY--PERSONAL NAME |
| Personal name |
Cooper, Elley, |
| Relator term |
author. |
| 700 1# - ADDED ENTRY--PERSONAL NAME |
| Personal name |
West, Carly Anne, |
| Relator term |
author. |
| 700 1# - ADDED ENTRY--PERSONAL NAME |
| Personal name |
Hastings, Chris, |
| Dates associated with a name |
1983- |
| Relator term |
contributor. |
| 700 1# - ADDED ENTRY--PERSONAL NAME |
| Personal name |
Esmeralda, Didi, |
| Relator term |
illustrator. |
| 700 1# - ADDED ENTRY--PERSONAL NAME |
| Personal name |
Morris, Anthony, |
| Titles and other words associated with a name |
Jr., |
| Relator term |
illustrator. |
| 730 0# - ADDED ENTRY--UNIFORM TITLE |
| Uniform title |
Five nights at Freddy's (Scholastic Inc.) |
| 730 0# - ADDED ENTRY--UNIFORM TITLE |
| Relationship information |
Based on: |
| Title of a work |
Five Nights at Freddy's (Video game) |
| 830 #0 - SERIES ADDED ENTRY--UNIFORM TITLE |
| Uniform title |
Five nights at Freddy's (Scholastic Inc.) |
| 942 ## - ADDED ENTRY ELEMENTS (KOHA) |
| Source of classification or shelving scheme |
|
| Koha item type |
Graphic Novel |